| 000 | 00952 a2200277 4500 | ||
|---|---|---|---|
| 003 | OSt | ||
| 005 | 20180116192333.0 | ||
| 008 | 120229t xxu||||| |||| 00| 0 eng d | ||
| 010 | _a 76026598 | ||
| 020 | _a0080179746 | ||
| 040 | _c0 | ||
| 082 | 0 | 0 | _a309.262 |
| 100 | 1 |
_aRapoport, Amos. _9401 |
|
| 245 | 1 | 0 |
_aHuman aspects of urban form : _btowards a man-environment approach to urban form and design / _cAmos Rapoport. |
| 250 | _a1st ed. | ||
| 260 |
_aOxford ; _aNew York : _bPergamon Press, _c1977. |
||
| 300 |
_aviii, 438 p. : _bill. ; _c26 cm. |
||
| 440 | 0 |
_aUrban and regional planning series ; _vv. 15 _9402 |
|
| 500 | _aIncludes indexes. | ||
| 650 | 0 |
_aCity planning. _9403 |
|
| 650 | 0 |
_aArchitecture _xHuman factors. _9404 |
|
| 650 | 0 |
_aArchitecture _xEnvironmental aspects. _9405 |
|
| 650 | 0 |
_aGeographical perception. _9406 |
|
| 942 |
_aSADA _cBK _k309.262 RAP 1977 _2ddc |
||
| 999 |
_c352384 _d352384 |
||